536 Puzzles and Curious Problems (Record no. 2059)

000 -LEADER
fixed length control field 00677nam a22002297a 4500
003 - CONTROL NUMBER IDENTIFIER
control field OSt
005 - DATE AND TIME OF LATEST TRANSACTION
control field 20210414110109.0
008 - FIXED-LENGTH DATA ELEMENTS--GENERAL INFORMATION
fixed length control field 210309s1967 ||||| |||| 00| 0 eng d
020 ## - INTERNATIONAL STANDARD BOOK NUMBER
International Standard Book Number 684717557
040 ## - CATALOGING SOURCE
Original cataloging agency eng
Language of cataloging eng
Transcribing agency DLC
041 ## - LANGUAGE CODE
Language code of text/sound track or separate title eng
080 ## - UNIVERSAL DECIMAL CLASSIFICATION NUMBER
Universal Decimal Classification number 821.111
Item number D-84
100 ## - MAIN ENTRY--PERSONAL NAME
9 (RLIN) 1310
Personal name Dudeney, Ernest. Henry
245 ## - TITLE STATEMENT
Title 536 Puzzles and Curious Problems
Statement of responsibility, etc. / by: Charles Scribner's Sons
260 ## - PUBLICATION, DISTRIBUTION, ETC.
Place of publication, distribution, etc. New York
Name of publisher, distributor, etc. Charles Scribner's Sons
Date of publication, distribution, etc. 1967
300 ## - PHYSICAL DESCRIPTION
Extent 428 p.
Other physical details ill.
365 ## - TRADE PRICE
Price amount 3.95 usd
650 #0 - SUBJECT ADDED ENTRY--TOPICAL TERM
9 (RLIN) 254
Topical term or geographic name entry element English literature
653 ## - INDEX TERM--UNCONTROLLED
Uncontrolled term ინგლისური ლიტერატურა
700 ## - ADDED ENTRY--PERSONAL NAME
9 (RLIN) 1311
Personal name Gardner, Martin
Relator term Editor
942 ## - ADDED ENTRY ELEMENTS (KOHA)
Source of classification or shelving scheme
Koha item type Books
Holdings
Withdrawn status Lost status Source of classification or shelving scheme Damaged status Not for loan Permanent location Current location Date acquired Inventory number Total Checkouts Full call number Barcode Date last seen Price effective from Koha item type
          Ken Walker International University Ken Walker International University 03/09/2021 652   821.111 D-84 652 03/09/2021 03/09/2021 Books

Powered by Koha